La venganza del cóndor / (Record no. 15506)

000 -CABECERA
fixed length control field 01087nam a22002057a 4500
003 - IDENTIFICADOR DEL NÚMERO DE CONTROL
control field AR-CdUCM
008 - DATOS DE LONGITUD FIJA--INFORMACIÓN GENERAL
fixed length control field 190411b ||||| |||| 00| 0 spa d
040 ## - FUENTE DE LA CATALOGACIÓN
Agencia/entidad que catalogó originalmente la obra MUNICIPALIDAD PROVINCIAL DEL CUSCO
Entidad que transcribió la catalogación BIBLIOTECA MUNICIPAL DEL CUSCO
082 ## - NÚMERO DE LA CLASIFICACIÓN DECIMAL DEWEY
No. de Clasificación 869.569 /
Notacion interna G22 / 1948
100 ## - ENTRADA PRINCIPAL--NOMBRE DE PERSONA
Nombre Personal García Calderón, Ventura
245 ## - MENCIÓN DE TÍTULO
Título La venganza del cóndor /
260 ## - PUBLICACIÓN, DISTRIBUCIÓN, ETC.
Lugar de publicación, distribución, etc. Madrid :
Nombre de la editorial, distribuidor, etc. Mundo latino,
Fecha de publicación, distribución, etc. 1948.
300 ## - DESCRIPCIÓN FÍSICA
Nº de Páginas Extensión 201 páginas ;
Dimensiones 20 cm.
505 ## - NOTA DE CONTENIDO CON FORMATO
Nota de contenido formateada Contenido: La venganza del cóndor -- La momia -- murió en su ley -- Yacu-mama -- Coca -- Amor indígena -- La selva de los venenos -- Los cerdos flacos -- Historias de caníbales -- Sacrilegio -- La llama blanca -- Fue en el Perú -- En los cañaverales -- Chamico -- Luna de miel -- A la criollita -- El ahogado -- El despenador -- El hombre de los cuarenta y ocho hijos -- Viernes Santo criollo -- Un sonador -- El entierro -- Cuento de mi vieja Lima -- Los males del señor Obispo.
650 ## - PUNTO DE ACCESO ADICIONAL DE MATERIA--TÉRMINO DE MATERIA
Descriptor Literatura Peruana
9 (RLIN) 132
650 ## - PUNTO DE ACCESO ADICIONAL DE MATERIA--TÉRMINO DE MATERIA
Descriptor Siglo XX
9 (RLIN) 8
650 ## - PUNTO DE ACCESO ADICIONAL DE MATERIA--TÉRMINO DE MATERIA
Descriptor Cuentos
9 (RLIN) 217
942 ## - ELEMENTOS DE PUNTO DE ACCESO ADICIONAL (KOHA)
Fuente de clasificación
Tipo de item Libros-BMC
945 ## - PROCESAMIENTO DE INFORMACIÓN LOCAL (OCLC)
Catalogador rah
AAAA-MM-DD - Fecha de ingreso o modificacion 27/04/2019
Holdings
Estado de retiro (separado) Fuente de clasificación o esquema de estanterías Estado dañado Ubicación Sala donde se ubica Nombre de la colección Fecha de adquisición o compra Costo, precio normal en soles Signatura topográfica Código de Barras Última vez visto (Koha) Tipo de ítem (Koha)
No     Sala Cusco Antiguo Sala Cusco Antiguo Book Cart 2019-04-27 30.00 869.569 / G22 / 1948 SCA0003510 2019-04-27 Libros-BMC
No     Sala Cusco Antiguo Sala Cusco Antiguo Book Cart 2019-05-16 30.00 869.569 / G22 / e.2 / 1948 SCA0003924 2019-05-16 Libros-BMC

Powered by Koha